00747 2200253 4500001002100000005001700021008004100038035002400079082001100103090001800114100003900132245009300171250001000264260003400274300001900308500005200327650003200379700002000411850001500431980001100446985000600457999001500463999001500478YOGYA-0209000003797220090227025320.0 ind  0010-020900000037972 a297.57 a297.57bMun K aAL-MUNJID, Muhammad Shaleh, Syeikh aKerikil-kerikil tajamcoleh Syeikh Muhammad Shaleh Al Munjid; penerjemah, achmad Sunarto aCet.1 aRembangbPustaka Anisahc2004 a232 hlmc17 cm aJudul asli : Muharramaatun Istahaana Bihannaasu aIslam sebagai pedoman hidup aSunarto, Akhmad aYOPDYOG(B) a110406 a2 a05B0009791 a05B0009792